000
00261nam a2200097Ia 4500
001
692973
005
20250826161905.0
008
250824s9999 xx 000 0 und d
245
0
_a
FİKRİMİN İNCE GÜLÜ/A.AĞAOĞLU/EVEREST
_c
ADALET AĞAOĞLU
260
_b
EVEREST
999
_c
692973
_d
692973